000 00565nam a2200181Ia 4500
003 GCL
008 140319s9999 xx 000 0 ara d
040 _aGCL /
_cGCL
082 0 4 _a813.081
_bس ش
100 1 _aسلطان بن محمد القاسمى
245 1 0 _aالشيخ الابيض /
_cسلطان بن محمد القاسمى
300 _a74 ص
490 _aالهيئة العامة للاستعلامات
_v0
650 0 4 _aالادب العربى
650 0 4 _aالقصص العربية
650 0 4 _aالقصص التاريخية
942 _2ddc
_cBK
999 _c49140
_d49140